| 000 | 00672nam a2200217Ia 4500 | ||
|---|---|---|---|
| 001 | 3128 | ||
| 003 | GE_BSU | ||
| 008 | 181216s||||||||xx |||||||||||||| ||und|| | ||
| 040 | _cGE_BSU | ||
| 080 | _a621.57(075.8) | ||
| 100 | _aПеклов,А.А. | ||
| 245 | _aГидравлические машины и холодильные установки. | ||
| 245 | _bУчебник. | ||
| 245 | _cРед. А.И.Семенова. | ||
| 260 | _aКиев. | ||
| 260 | _bВыща. школа | ||
| 260 | _c1971 | ||
| 300 | _a280 стр. с илл. 21 см. | ||
| 653 | _aГидравлические машины и холодильные установки. | ||
| 942 | _cBK | ||
| 999 |
_c37172 _d37172 |
||